|
|
|
|
| LEADER |
00000nam a22000003a 4500 |
| 001 |
vtls001154625 |
| 003 |
SK-MaSNL |
| 005 |
20260302015604.0 |
| 008 |
240314s1969 rb 01 scc |
| 035 |
|
|
|a SNK000097512
|
| 040 |
|
|
|a SNK
|b slo
|c SNK
|e AACR2
|
| 044 |
|
|
|a rb
|
| 080 |
|
|
|a 821.163.41
|2 2001
|
| 100 |
1 |
|
|a Karadžić, Vuk Stefanović,
|d 1787-1864
|4 aut
|9 166516
|
| 245 |
1 |
0 |
|a Srpske narodne poslovice
|c Vuk Stef. Karadžic
|
| 260 |
|
|
|a Beograd
|b Nolit
|c 1969
|
| 650 |
0 |
7 |
|a srbská literatúra
|2 SNKPH
|9 1208
|
| 958 |
|
|
|a OND
|
| 999 |
|
|
|c 1021798
|d 1023728
|
| 952 |
|
|
|a SNK
|b SNK
|y VYP
|7 0
|p 17A0459015
|o snkIC 120536
|i snkV 956/92
|0 0
|1 0
|4 0
|d 2005-03-08
|l 0
|r 2026-02-24 13:26:54
|w 2026-02-24
|